Statistiques concernant Vocabulaire espagnol 3

Cliquez ici pour prendre le quiz!

Statistiques générales

  • Ce quiz a été pris 69 fois
  • Le résultat moyen est 12 sur 50

Statistiques - réponses

Mots FRMots ES% Correct
LitCama
88%
CanapéSofa
63%
CléLlave
58%
FeuilleHoja
55%
CahierCuaderno
53%
BoîteCaja
50%
EcranPantalla
48%
PoubelleBasura
45%
CalendrierCalendario
45%
ChargeurCargador
45%
MiroirEspejo
43%
ClavierTeclado
38%
FourHorno
35%
MédicamentMedicamento
35%
EpongeEsponja
33%
ArmoireArmario
30%
ColleCola
30%
DrapSabana
25%
OreillerAlmohada
23%
PortefeuilleCartera
23%
Serviette de bainToalla
23%
InterrupteurInterruptor
20%
Machine à laverLavadora
20%
BoutonBoton
18%
CoussinCojin
18%
MouchoirPanuelo
18%
VitreVidrio
18%
TapisAlfombra
15%
AspirateurAspiradora
15%
Boîte-aux-lettresBuzon
15%
Lave-vaisselle
Lavaplatos
15%
TiroirCajon
13%
CouvertureManta
13%
PeignoirAlbornoz
10%
ChauffageCalefaccion
10%
BalaisEscoba
10%
NappeMantel
10%
StyloPluma
10%
ClimatiseurAire Acondicionado
8%
ChaudièreCaldera
8%
AgrafeuseGrapadora
8%
CarteTajeta
8%
Prise électriqueToma electrica
8%
ClasseurArchivador
5%
SerrureCerradura
5%
TélécommandeControl remoto
5%
SerpillèreFregona
5%
PoignéeManilla
5%
VoletPostigo
5%
Porte-ManteauCapotera
3%

Distribution des résultats

Percentile par nombre de réponses

% des personnes avec chaque résultat

Votre développement - résultats

Vous n’avez pas pris ce quiz